Questions aléatoires de géographie - 17 - Statistiques

Statistiques générales
  • Ce quiz a été pris 112 fois
  • Le résultat moyen est 7 sur 15
Statistiques - réponses
Indice réponse % Correct
Citez le nom d'une des trois îles principales des Baléares. Majorque | Minorque | Ibiza
87%
Quel archipel africain fait face à la ville de Dakar ? le Cap Vert
78%
Quel pays constitutif du Royaume du Danemark est situé à l'est de la mer du Labrador ? le Groenland
77%
Quelle est la ville française portant le nom d'un saint la plus peuplée ? Saint-Etienne
70%
De quel continent sont originaires les cochons d'Inde ? Amérique du sud
64%
Comment s'appelle le golf bordant l'Aquitaine et le nord de l'Espagne ? le golfe de Gascogne
56%
L'Afrique du Sud possède une capitale administrative, Pretoria, et une capitale législative, Le Cap. Quelle est sa capitale judiciaire ? Bloemfontein
55%
Quel pays est surnommé le "pays des mille lacs" ? la Finlande
54%
Quel état américain est connu pour être le berceau des mormons ? l Utah
45%
Quel pays d'Europe non enclavé, possède le plus petit littoral, après Monaco ? la Bosnie-Herzégovine
43%
Quel état mexicain partage son nom avec une célèbre sauce piquante ? le Tabasco
38%
Comment appelle-t-on les habitants de Besançon ? les Bisontins
20%
Quel est le plus long fleuve de Sibérie à se jeter dans l'océan Arctique ? l Ienissei
20%
Quel est le plus grand fleuve australien ? le Murray
14%
Quelle municipalité chinoise intérieure, surnommée la ville-montagne, possède plus d'habitants que la Belgique, la Suisse et les Pays-Bas réunies ? Chongqing
12%
Aucun quiz correspondant
Distribution des résultats
% des personnes avec chaque résultat
Percentile par nombre de réponses
Votre historique - résultats
Vous n’avez pas pris ce quiz